000 00940nam a2200241Ia 4500
003 IN-BaIIA
008 211028s9999 xx 000 0 eng d
020 _a1-58381-096-X
040 _cIIA Library
080 _a082.2:52
_bASP-256
111 _aWorkshop on Observational Aspects of Pulsating B and A stars
_cBelgium
_d2001 July 24-25
_928147
245 0 _aObservational aspects of pulsating B and A stars
_bproceedings of a workshop held in Brussels, Belgium, 24-25 Jul 2001
_cedited by C. Sterken and Kurtz, D. W.
260 _aCalifornia
_bAstronomical Society of the Pacific
_c2002
300 _axx, 303p.
490 _aASP conference series; v. 256
650 _aBe Stars
_99478
650 _aDelta Scuti Variable
_928148
650 _aPhotometry
_91839
650 _aVariable stars
_91140
700 _aKurtz, D. W., ed.
_924220
700 _aSterken, C., ed.
_912477
942 _cBK
999 _c15263
_d15263